Introduction to business analytics / (Record no. 30928)

MARC details
000 -LEADER
fixed length control field 02117cam a2200385 i 4500
001 - CONTROL NUMBER
control field 22801507
003 - CONTROL NUMBER IDENTIFIER
control field EG-ScBUE
005 - DATE AND TIME OF LATEST TRANSACTION
control field 20250226092737.0
008 - FIXED-LENGTH DATA ELEMENTS--GENERAL INFORMATION
fixed length control field 220923t2024 nyua f b 001 0 eng d
020 ## - INTERNATIONAL STANDARD BOOK NUMBER
International Standard Book Number 9781266189142
020 ## - INTERNATIONAL STANDARD BOOK NUMBER
International Standard Book Number 1266189149
040 ## - CATALOGING SOURCE
Original cataloging agency DLC
Language of cataloging eng
Description conventions rda
Transcribing agency DLC
Modifying agency DLC
-- EG-ScBUE
082 04 - DEWEY DECIMAL CLASSIFICATION NUMBER
Classification number 658.4012
Edition number 22
Item number RIC
100 1# - MAIN ENTRY--PERSONAL NAME
Personal name Richardson, Vernon J.,
Relator term author.
245 10 - TITLE STATEMENT
Title Introduction to business analytics /
Statement of responsibility, etc Vernon J. Richardson, University of Arkansas, Baruch College, Marcia Weidenmier Watson, Trinity University.
264 #1 - PUBLICATION, DISTRIBUTION, ETC. (IMPRINT)
Place of publication, distribution, etc New York, NY :
Name of publisher, distributor, etc McGraw Hill,
Date of publication, distribution, etc [2024]
264 #4 - PUBLICATION, DISTRIBUTION, ETC. (IMPRINT)
Date of publication, distribution, etc c2024
300 ## - PHYSICAL DESCRIPTION
Extent 1 volume (various pagings) :
Other physical details illustrations ;
Dimensions 26 cm
336 ## - CONTENT TYPE
Content type term text
Content type code txt
Source rdacontent
337 ## - MEDIA TYPE
Media type term unmediated
Media type code n
Source rdamedia
338 ## - CARRIER TYPE
Carrier type term volume
Carrier type code nc
Source rdacarrier
500 ## - GENERAL NOTE
General note Includes appendix.<br/>
504 ## - BIBLIOGRAPHY, ETC. NOTE
Bibliography, etc Includes bibliographical references and index.
520 ## - SUMMARY, ETC.
Summary, etc "Focus on Building Skills with Excel, Tableau, and Power BI. Students learn how to conduct business analytics using Excel, Tableau, and Power BI-three software tools that are widely used by businesses today. Focus on Building Critical Thinking Skills. From learning to ask the right questions to interpreting and presenting results, Introduction to Business Analytics fosters critical thinking and develops business analysis skills. It teaches students how to use descriptive, diagnostic, predictive, prescriptive, and advanced analytics to answer the following business questions"--
Assigning source Provided by publisher.
650 #7 - SUBJECT ADDED ENTRY--TOPICAL TERM
Topical term or geographic name as entry element Business intelligence
Form subdivision Juvenile literature.
Source of heading or term BUEsh
650 #7 - SUBJECT ADDED ENTRY--TOPICAL TERM
Topical term or geographic name as entry element Business planning
Form subdivision Juvenile literature.
Source of heading or term BUEsh
650 #7 - SUBJECT ADDED ENTRY--TOPICAL TERM
Topical term or geographic name as entry element Strategic planning
Form subdivision Juvenile literature.
Source of heading or term BUEsh
650 #7 - SUBJECT ADDED ENTRY--TOPICAL TERM
Topical term or geographic name as entry element Big data
Form subdivision Juvenile literature.
Source of heading or term BUEsh
655 ## - INDEX TERM--GENRE/FORM
Form subdivision Reading book
700 1# - ADDED ENTRY--PERSONAL NAME
Personal name Watson, Marcia Weidenmier,
Relator term author.
776 08 - ADDITIONAL PHYSICAL FORM ENTRY
Display text Online version:
Main entry heading Richardson, Vernon J.
Title Introduction to business analytics
Place, publisher, and date of publication New York, NY : McGraw Hill, [2024]
International Standard Book Number 9781265451813
Record control number (DLC) 2022046171
906 ## - LOCAL DATA ELEMENT F, LDF (RLIN)
a 7
b cbc
c orignew
d 1
e ecip
f 20
g y-gencatlg
942 ## - ADDED ENTRY ELEMENTS (KOHA)
Source of classification or shelving scheme Dewey Decimal Classification
Koha item type Book - Borrowing
Holdings
Withdrawn status Lost status Source of classification or shelving scheme Damaged status Not for loan Collection code Home library Current library Shelving location Date acquired Source of acquisition Cost, normal purchase price Serial Enumeration / chronology Total Checkouts Full call number Barcode Date last seen Date checked out Cost, replacement price Price effective from Koha item type
    Dewey Decimal Classification     Alahram Central Library Central Library First floor 26/02/2025 Purchase 2590.00 150 1 658.4012 RIC 000057292 06/05/2026 06/05/2026 3237.50 26/02/2025 Book - Borrowing
    Dewey Decimal Classification     Alahram Central Library Central Library First floor 16/02/2026 Purchase 2590.00 2026/A/55   658.4012 RIC 000057538 16/02/2026   3237.50 16/02/2026 Book - Borrowing